Adriano Miguel Tejeda : (Registro nro. 13673)

Detalles MARC
000 -LIDER
fixed length control field 01036nam a22002777a 4500
003 - IDENTIFICACDOR DE NÚMERO DE CONTROL
control field DO-SdBNP
005 - DATE AND TIME OF LATEST TRANSACTION
control field 20220303100920.0
008 - ELEMENTOS DE LONGITUD FIJA
fixed length control field 210419e2020 dr ac|||| 00| e spa d
020 ## - ISBN
International Standard Book Number 9789945096620
040 ## - FUENTE DE CATALOGACIÓN
Agencia que crea de manera original el registro DO-SdBNP
Idioma de catalogación spa
Agencia que realiza la transcripción BPMSU
082 ## - NÚMERO DE CLASIFICACIÓN DECIMAL DE DEWEY
Classification number 920.5
Item number T266r
Edition number 22
100 10 - ASIENTO PRINCIPAL -- NOMBRE PERSONAL
Nombre personal Tejeda, Adriano Miguel
Fechas asociadas con el nombre 1948-2020
245 10 - MENCIÓN DE TITULO
Título Adriano Miguel Tejeda :
Subtítulo reflexiones de un pesimista constructivo /
Mención de responsabilidad Adriano Miguel Tejeda ; compiladora Leonor Tejada Curiel ; fotografía Misael Rincón ,
260 ## - PUBLICACIÓN, DISTRIBUCIÓN, ETC. (PIE DE IMPRENTA)
Lugar de publicación, distribución, etc [Santo Domingo] :
Nombre del editor, distribuidor, etc. Bok Editorial Group ,
Fecha de publicación, distribución, etc 2020
300 ## - DESCRIPCIÓN FÍSICA
Extensión 115 p. :
Otros detalles físicos il., fotos ;
Dimensiones 22 cm.
590 ## - NOTA LOCAL
Enlace Inventariado, 2022/VM
600 14 - ENCABEZAMIENTO DE MATERIA--NOMBRE PERSONAL
Nombre personal Tejada, Adriano Miguel
Fechas asociadas con el nombre 1948-2020
Subdivisión de forma Citas, máximas, etc.
Subdivisión temática general
650 #4 - ENCABEZAMIENTO DE MATERIA--TEMÁTICO
Término temático o nombre geográfico como elemento de entrada Palabras y frases.
650 #4 - ENCABEZAMIENTO DE MATERIA--TEMÁTICO
Término temático o nombre geográfico como elemento de entrada Máximas
Subdivisión de forma Colecciones.
650 #4 - ENCABEZAMIENTO DE MATERIA--TEMÁTICO
Término temático o nombre geográfico como elemento de entrada apotegmas
651 #4 - ENCABEZAMIENTO DE MATERIA--NOMBRE GEOGRÁFICO
Nombre geográfico República Dominicana
Subdivisión temática general Política y Gobierno
-- Palabras y frases .
700 10 - ASIENTO SECUNDARIO -- NOMBRE PERSONAL
Nombre personal Tejda Curiel , Leonor ,
Mención de responsabilidad comp.
700 10 - ASIENTO SECUNDARIO -- NOMBRE PERSONAL
Nombre personal Rincón , Misael,
Mención de responsabilidad Fotografías
910 ## - VALIDACIÓN
Validación VMateo V.
942 ## - ADDED ENTRY ELEMENTS (KOHA)
Source of classification or shelving scheme Dewey Decimal Classification
Koha item type Libros
Existencias
Withdrawn status Lost status Source of classification or shelving scheme Damaged status Not for loan Collection code Home library Current library Date acquired Source of acquisition Total Checkouts Full call number Barcode Date last seen Price effective from Koha item type
    Dewey Decimal Classification     Colección Dominicana Biblioteca Pública Metropolitana Salomé Ureña Biblioteca Pública Metropolitana Salomé Ureña 08/20/2021 Editora Búho   BPMSU CD 920.5 T266r 2020 BPMSU21080074 08/20/2021 08/20/2021 Libros